[Event "NOR-ch (Women)"]
[Site "Baerum"]
[Date "2019.03.15"]
[Round "1"]
[White "Mrachek, Svetlana"]
[Black "Sathren, Linda Fagerli"]
[Result "1-0"]
[WhiteElo "1628"]
[BlackElo "1219"]
[PlyCount "79"]
[EventDate "2019.03.15"]
[EventType "swiss"]
[EventRounds "5"]
[EventCountry "NOR"]
[SourceTitle "CBM 189 Extra"]
[Source "ChessBase"]
[SourceDate "2019.06.03"]
[SourceVersion "1"]
[SourceVersionDate "2019.06.03"]
[SourceQuality "1"]

1. d4 d5 2. Nf3 Nf6 3. Bg5 e6 4. e3 Be7 5. Nbd2 0-0 6. Bd3 c5 7. c3 Nc6 8. Bxf6 Bxf6 9. Qc2 g6 10. dxc5 a5 11. Rb1 e5 12. Be2 Bf5 13. e4 dxe4 14. Nxe4 Qd5 15. Nxf6+ Kg7 16. Nxd5 Bxc2 17. Rc1 Be4 18. Nb6 Rad8 19. 0-0 Bd3 20. Bxd3 Rxd3 21. a3 Re8 22. Nc4 e4 23. Nd6 Re7 24. Ne1 Rd2 25. Nc2 f5 26. Rfd1 Re2 27. Kf1 Rxc2 28. Rxc2 Kf6 29. Nxb7 Kg5 30. Nd6 Ne5 31. h3 Nd3 32. b4 Rc7 33. f3 Kf4 34. fxe4 fxe4 35. Nxe4 Nxb4 36. cxb4 Kxe4 37. Re2+ Kf5 38. Rd5+ Kf6 39. b5 Rf7 40. Rf2+ 1-0

[Event "Oslo CC-chB"]
[Site "Oslo"]
[Date "2018.11.29"]
[Round "9"]
[White "Mrachek, Svetlana"]
[Black "Edakina, Anastasia"]
[Result "1/2-1/2"]
[WhiteElo "1584"]
[BlackElo "1661"]
[PlyCount "78"]
[EventDate "2018.09.06"]
[EventType "swiss"]
[EventRounds "9"]
[EventCountry "NOR"]
[SourceTitle "EXT 2024"]
[Source "ChessBase"]
[SourceDate "2023.10.10"]
[SourceVersion "1"]
[SourceVersionDate "2023.10.10"]
[SourceQuality "1"]

1. d4 d5 2. c4 c6 3. Nf3 Nf6 4. Nc3 e6 5. Qb3 Be7 6. Bg5 dxc4 7. Qxc4 b6 8. e4 Ba6 9. Qb3 Bxf1 10. Rxf1 0-0 11. 0-0-0 Nbd7 12. Ne5 Nxe5 13. Bxf6 Nd7 14. Bxe7 Qxe7 15. f4 Rad8 16. e5 f5 17. a4 Kh8 18. Kb1 Rb8 19. Rc1 Rb7 20. Rc2 a5 21. Nd1 Nb8 22. Ne3 b5 23. axb5 Rxb5 24. Qc3 Qa7 25. Rd1 a4 26. Nc4 Na6 27. Rcc1 h6 28. Nd6 Rb6 29. Qa5 Ra8 30. Qxa4 Qb8 31. Nc4 Rb5 32. Rc3 Nc7 33. Qc2 Kg8 34. Ra3 Nd5 35. Rxa8 Qxa8 36. g3 Qa6 37. Rd3 Nb4 38. Ra3 Nxc2 39. Rxa6 Nxd4 1/2-1/2

[Event "Oslo CC-chB"]
[Site "Oslo"]
[Date "2018.11.18"]
[Round "5"]
[White "Mrachek, Svetlana"]
[Black "Erikstad, Olav Age"]
[Result "0-1"]
[WhiteElo "1584"]
[BlackElo "1749"]
[PlyCount "114"]
[EventDate "2018.09.06"]
[EventType "swiss"]
[EventRounds "9"]
[EventCountry "NOR"]
[SourceTitle "EXT 2024"]
[Source "ChessBase"]
[SourceDate "2023.10.10"]
[SourceVersion "1"]
[SourceVersionDate "2023.10.10"]
[SourceQuality "1"]

1. d4 Nf6 2. Nf3 c6 3. c4 d5 4. Nc3 e6 5. e3 Nbd7 6. Qc2 Be7 7. b3 0-0 8. Bd3 Qc7 9. Bb2 Re8 10. Ne5 Bd6 11. f4 Nf8 12. Qe2 a6 13. g4 dxc4 14. bxc4 b5 15. c5 Bxe5 16. fxe5 Nd5 17. 0-0 Qe7 18. Ne4 Qh4 19. Nd6 Re7 20. Qf3 f5 21. e4 Nb4 22. Bb1 a5 23. a3 Na6 24. exf5 Rc7 25. Ba2 Qg5 26. Ne4 Qh4 27. Bc1 h6 28. Be3 Qd8 29. Nd6 b4 30. Nxc8 Qxc8 31. fxe6 Nxe6 32. Qf5 Re7 33. Bxh6 Kh8 34. Be3 Qg8 35. Bg5 Rf8 36. Bxe6 Rxf5 37. Bxg8 Rxg5 38. Bc4 Rxg4+ 39. Kh1 Nc7 40. Rf5 g6 41. Rf8+ Kg7 42. Raf1 Nd5 43. Rd8 Rxd4 44. Ba2 Rxe5 45. Rd7+ Kh6 46. Bb1 Re2 47. Rg1 Re6 48. Rd8 Rf4 49. Rc8 Ne7 50. Rh8+ Kg7 51. Ra8 Re2 52. Ra7 Kf6 53. Rxa5 Rff2 54. Rd1 Rxh2+ 55. Kg1 Reg2+ 56. Kf1 Nd5 57. Re1 Nf4 0-1

[Event "Oslo-ch"]
[Site "Oslo"]
[Date "2017.??.??"]
[Round "6"]
[White "Mrachek, Svetlana"]
[Black "Aschim, Elias"]
[Result "1-0"]
[WhiteElo "1595"]
[BlackElo "1249"]
[PlyCount "36"]
[EventDate "2017.08.16"]
[EventType "swiss"]
[EventRounds "9"]
[EventCountry "NOR"]
[SourceTitle "EXT 2024"]
[Source "ChessBase"]
[SourceDate "2023.10.10"]
[SourceVersion "1"]
[SourceVersionDate "2023.10.10"]
[SourceQuality "1"]

1. d4 d5 2. Nf3 Nc6 3. c4 e6 4. Nc3 Bb4 5. e3 Nf6 6. Bd3 0-0 7. 0-0 Bd7 8. Qc2 g6 9. h3 Qe7 10. Ne5 Nh5 11. Nxc6 Bxc6 12. c5 Bxc5 13. dxc5 Qxc5 14. b3 d4 15. exd4 Qxd4 16. Be3 Qh4 17. f3 Qg3 18. Ne2 Qh4 1-0

[Event "Fagernes Norsk op-B"]
[Site "Fagernes"]
[Date "2015.03.29"]
[Round "2"]
[White "Mrachek, Svetlana"]
[Black "Hina, Ariza"]
[Result "1-0"]
[WhiteElo "1617"]
[BlackElo "816"]
[PlyCount "105"]
[EventDate "2015.03.29"]
[EventType "swiss"]
[EventRounds "9"]
[EventCountry "NOR"]
[SourceTitle "EXT 2016"]
[Source "ChessBase"]
[SourceDate "2015.10.08"]
[SourceVersion "1"]
[SourceVersionDate "2015.10.08"]
[SourceQuality "1"]

1. d4 Nf6 2. c4 e6 3. Nf3 Bb4+ 4. Bd2 Bxd2+ 5. Nbxd2 d5 6. e3 Nbd7 7. Bd3 b6 8. cxd5 exd5 9. Rc1 Bb7 10. 0-0 0-0 11. Ng5 h6 12. Nh3 Re8 13. Re1 Ne4 14. f3 Nxd2 15. Qxd2 Nf6 16. Qf2 Nh7 17. Bxh7+ Kxh7 18. Qc2+ Kg8 19. Qxc7 Re7 20. Qc2 Rc8 21. Qd3 Re6 22. Nf4 Re8 23. Rc3 Rxc3 24. bxc3 Qc8 25. Qd2 Qc4 26. Rc1 Ba6 27. Kf2 g5 28. Nh5 Qd3 29. Qxd3 Bxd3 30. Nf6+ Kf8 31. Nxe8 Kxe8 32. Rd1 Bc4 33. a3 Kd7 34. e4 f6 35. g3 Kc6 36. e5 fxe5 37. dxe5 Kd7 38. f4 Ke6 39. Ke3 g4 40. h3 gxh3 41. Rh1 h5 42. Rxh3 a5 43. Rxh5 b5 44. Rh6+ Kf7 45. f5 a4 46. Kd4 Kg7 47. Rg6+ Kf7 48. e6+ Ke7 49. Ke5 Bb3 50. f6+ Kf8 51. e7+ Ke8 52. Rg8+ Kf7 53. e8Q# 1-0